[Event "Paignton Premier 45th"]
[Site "Paignton"]
[Date "1995.09.08"]
[Round "6.14"]
[White "Brusey, Alan W"]
[Black "Savory, Richard J"]
[Result "0-1"]
[WhiteElo "2016"]
[BlackElo "2080"]
[PlyCount "70"]
[EventDate "1995.09.03"]
[EventType "swiss"]
[EventRounds "7"]
[EventCountry "ENG"]
[SourceTitle "BritBase"]
[Source "John Saunders"]
[SourceDate "2023.06.09"]
[SourceVersion "1"]
[SourceVersionDate "2023.06.09"]
[SourceQuality "1"]

1. e4 c5 2. c3 d5 3. exd5 Qxd5 4. d4 Nc6 5. dxc5 Qxd1+ 6. Kxd1 e5 7. b4 a5 8.
b5 Nd8 9. Be3 Ne6 10. c6 bxc6 11. bxc6 Ba6 12. Nf3 Bd6 13. Nbd2 Bc7 14. Nc4 f6
15. Bb6 Ne7 16. Bxc7 Nxc7 17. Nd6+ Kf8 18. Kc2 Nxc6 19. Rb1 g6 20. Rb6 Bxf1 21.
Rxf1 Ra6 22. Rfb1 Nb4+ 23. R1xb4 axb4 24. Rb8+ Kg7 25. Rb7 Rxd6 26. Rxc7+ Kh6
27. cxb4 Ra8 28. Kb3 Rda6 29. b5 Rxa2 30. b6 Rxf2 31. Rf7 Rb8 32. Rxf6 e4 33.
h4 exf3 34. g4 Rf1 35. Kc4 f2 0-1

[Event "Paignton Premier 45th"]
[Site "Paignton"]
[Date "1995.09.08"]
[Round "6.15"]
[White "Archibald, Alan David"]
[Black "Tonkin, David S"]
[Result "0-1"]
[WhiteElo "1840"]
[BlackElo "1576"]
[PlyCount "90"]
[EventDate "1995.09.03"]
[EventType "swiss"]
[EventRounds "7"]
[EventCountry "ENG"]
[SourceTitle "BritBase"]
[Source "John Saunders"]
[SourceDate "2023.06.09"]
[SourceVersion "1"]
[SourceVersionDate "2023.06.09"]
[SourceQuality "1"]

1. c4 e5 2. g3 Bc5 3. Bg2 d6 4. e3 Nf6 5. Ne2 h5 6. Nbc3 c6 7. d3 h4 8. Bd2 Bg4
9. h3 hxg3 10. fxg3 Bf5 11. Qc2 Na6 12. a3 Qb6 13. Na4 Qc7 14. e4 Be6 15. Nxc5
Nxc5 16. Be3 Ncd7 17. g4 c5 18. Nc3 a6 19. Nd5 Bxd5 20. exd5 a5 21. Qf2 Nb6 22.
Rb1 Qe7 23. Qe2 Nbd7 24. b4 axb4 25. axb4 cxb4 26. Rxb4 Nc5 27. O-O O-O 28. Bg5
Ra3 29. d4 Nd3 30. Rb5 Qc7 31. dxe5 Nh7 32. exd6 Qxc4 33. Be7 Qxb5 34. Bxf8
Nxf8 35. Qe7 Qc5+ 36. Kh2 Nf2 37. Qc7 Qe3 38. d7 Nxd7 39. Qd8+ Nf8 40. Qc7 Rc3
41. Qxb7 Qg3+ 42. Kg1 Nxh3+ 43. Kh1 Nf4 44. d6 Qh4+ 45. Kg1 Ne2# 0-1

[Event "Paignton Premier 45th"]
[Site "Paignton"]
[Date "1995.09.08"]
[Round "6.17"]
[White "Stegeman, Frits"]
[Black "Rety, John"]
[Result "0-1"]
[WhiteElo "1928"]
[BlackElo "1872"]
[PlyCount "112"]
[EventDate "1995.09.03"]
[EventType "swiss"]
[EventRounds "7"]
[EventCountry "ENG"]
[SourceTitle "BritBase"]
[Source "John Saunders"]
[SourceDate "2023.06.09"]
[SourceVersion "1"]
[SourceVersionDate "2023.06.09"]
[SourceQuality "1"]

1. e4 d6 2. Nf3 Bg4 3. h3 Bh5 4. d4 Nf6 5. Nc3 c6 6. Be2 Nbd7 7. Bf4 Bxf3 8.
Bxf3 e5 9. Be3 Be7 10. O-O O-O 11. Qd2 Qc7 12. Rfd1 Rfd8 13. Ne2 Nf8 14. Ng3 g6
15. c4 Ne6 16. d5 Ng7 17. Rac1 c5 18. Qc2 Rdb8 19. a4 a6 20. Ra1 Qd7 21. a5 h5
22. Rd3 Nh7 23. Rb3 Ng5 24. Bd1 Rf8 25. Rb6 Rab8 26. Qd2 Nh7 27. Ra3 Bd8 28.
Rbb3 h4 29. Nf1 f5 30. exf5 gxf5 31. Bh6 f4 32. Bg4 Qe7 33. Nh2 Qf6 34. Bxg7
Kxg7 35. Be6 Ng5 36. Ng4 Qg6 37. Ra1 f3 38. Re1 fxg2 39. Kxg2 Ne4 40. Rxe4
Qxe4+ 41. f3 Qf4 42. Qxf4 Rxf4 43. Ne3 Bc7 44. Bg4 Kf6 45. Ra3 b5 46. cxb5 Rxb5
47. b3 Rfb4 48. Bc8 Rxb3 49. Ng4+ Kg5 50. Bxa6 Rxa3 51. Bxb5 Bxa5 52. Be2 Ra2
53. Kf1 Kf4 54. Nf2 Rd2 55. Nd3+ Ke3 56. Nc1 c4 0-1

[Event "Paignton Premier 45th"]
[Site "Paignton"]
[Date "1995.09.08"]
[Round "6.18"]
[White "Soesan, Joseph Maurice"]
[Black "Williams, Philip J"]
[Result "1/2-1/2"]
[WhiteElo "1792"]
[BlackElo "1832"]
[PlyCount "83"]
[EventDate "1995.09.03"]
[EventType "swiss"]
[EventRounds "7"]
[EventCountry "ENG"]
[SourceTitle "BritBase"]
[Source "John Saunders"]
[SourceDate "2023.06.09"]
[SourceVersion "1"]
[SourceVersionDate "2023.06.09"]
[SourceQuality "1"]

1. d4 Nf6 2. Nf3 e6 3. Bf4 Be7 4. Nbd2 d5 5. e3 O-O 6. Bd3 c5 7. c3 Nbd7 8. Ne5
Re8 9. Qf3 Nxe5 10. dxe5 Nd7 11. h4 f6 12. Qg3 Nxe5 13. Bxe5 fxe5 14. Qxe5 Bf6
15. Qh5 g6 16. Bxg6 hxg6 17. Qxg6+ Kf8 18. Rh3 Ke7 19. Rf3 Rf8 20. O-O-O Kd7
21. Ne4 Be7 22. Qg7 Rxf3 23. gxf3 Qf8 24. Nxc5+ Kc6 25. Qxf8 Bxf8 26. Nd3 Bd6
27. f4 Bd7 28. Rh1 Rh8 29. Ne5+ Bxe5 30. fxe5 Be8 31. Kd2 Rh5 32. f4 Bg6 33.
Ke2 Be4 34. Rh2 Kd7 35. Kf2 Rh7 36. h5 Ke8 37. Kg3 Rg7+ 38. Kh4 Kf8 39. Rd2 b5
40. a4 Rg1 41. axb5 Kg7 42. Rd4 {(sealed)} 1/2-1/2

[Event "Paignton Premier 45th"]
[Site "Paignton"]
[Date "1995.09.09"]
[Round "7.2"]
[White "Lane, Gary William"]
[Black "Arkell, Keith C"]
[Result "0-1"]
[WhiteElo "2400"]
[BlackElo "2505"]
[PlyCount "140"]
[EventDate "1995.09.03"]
[EventType "swiss"]
[EventRounds "7"]
[EventCountry "ENG"]
[SourceTitle "BritBase"]
[Source "John Saunders"]
[SourceDate "2023.06.09"]
[SourceVersion "1"]
[SourceVersionDate "2023.06.09"]
[SourceQuality "1"]

1. e4 c6 2. d4 d5 3. Nd2 dxe4 4. Nxe4 Nd7 5. Nf3 Ngf6 6. Ng3 c5 7. Bd3 g6 8.
O-O Bg7 9. c3 O-O 10. Re1 cxd4 11. Nxd4 a6 12. h3 e6 13. a4 Qc7 14. a5 Nc5 15.
Bc2 b5 16. axb6 Qxb6 17. Nf1 Bb7 18. Ne3 a5 19. Ng4 Nxg4 20. Qxg4 e5 21. Nf3 e4
22. Nd4 a4 23. Qg3 f5 24. Bf4 Ra6 25. Red1 Rf7 26. Be5 Bxe5 27. Qxe5 Qc7 28.
Qe8+ Kg7 29. Bxa4 Re7 30. Qb5 e3 31. f3 e2 32. Nxe2 Ra5 33. Qc4 Nxa4 34. Qd4+
Qe5 35. Rxa4 Rxa4 36. Qxa4 Qxe2 37. Rd7 Qe1+ 38. Kh2 Qe5+ 39. Kh1 Qe1+ 40. Kh2
Qe5+ 41. Kh1 g5 42. Rxe7+ Qxe7 43. Qd4+ Kg6 44. Qb6+ Kf7 45. c4 g4 46. hxg4
fxg4 47. fxg4 Qe4 48. Qf2+ Kg6 49. Qd2 Bc8 50. c5 Bxg4 51. b4 Be6 52. Qc3 Bd7
53. Qg3+ Kh5 54. Qg7 Bc6 55. Kh2 Qf4+ 56. Kh1 Qf1+ 57. Kh2 Qf4+ 58. Kh1 Be4 59.
Kg1 Qe3+ 60. Kh2 Qf4+ 61. Kg1 Qg5 62. Qb2 Kg6 63. Qf2 Bc6 64. Kh2 Qe5+ 65. Kg1
Qe4 66. Qb2 Bb5 67. Qf2 Kg5 68. Qf7 Qd4+ 69. Kh1 Qd1+ 70. Kh2 Qh5+ {Source:
CHESS, December 1995, Vol.60/9, p53} 0-1

[Event "Paignton Premier 45th"]
[Site "Paignton"]
[Date "1995.09.09"]
[Round "7.5"]
[White "Saunders, John C"]
[Black "Southall, Andrew C"]
[Result "1/2-1/2"]
[WhiteElo "2240"]
[BlackElo "2192"]
[PlyCount "82"]
[EventDate "1995.09.03"]
[EventType "swiss"]
[EventRounds "7"]
[EventCountry "ENG"]
[SourceTitle "BritBase"]
[Source "John Saunders"]
[SourceDate "2023.06.09"]
[SourceVersion "1"]
[SourceVersionDate "2023.06.09"]
[SourceQuality "1"]

1. c4 e5 2. Nc3 Nc6 3. g3 g6 4. Bg2 Bg7 5. Nf3 d6 6. O-O f5 7. d3 Nf6 8. Rb1
O-O 9. b4 Ne7 10. Bd2 h6 11. Qc2 Nh5 12. Rfc1 Be6 13. Ne1 Rb8 14. b5 f4 15. Ne4
Rf7 16. Qa4 b6 17. Qxa7 Bg4 18. Nc3 fxg3 19. hxg3 Qf8 20. Be3 Be6 21. Qa4 Nf6
22. Nf3 Nf5 23. Bd2 g5 24. Rf1 g4 25. Ne1 h5 26. Bg5 Bh6 27. Bxf6 Rxf6 28. Nd5
Bxd5 29. Bxd5+ Kh8 30. Ng2 Qg7 31. e3 h4 32. gxh4 g3 33. Qd1 Nxh4 $2 (33...
gxf2+ $19) 34. fxg3 Rxf1+ 35. Qxf1 Rf8 36. Qe1 $2 (36. Qxf8+ $5 Qxf8 37. gxh4
$11) 36... Nf3+ 37. Bxf3 Rxf3 38. Rb2 Rxg3 39. Kh2 Rg4 40. Qf2 Qg6 (40... Qh7
$1 $17) 41. Qf3 e4 {Source: John Saunders} 1/2-1/2